Microarray data : (Record no. 291)
[ view plain ]
| 000 -LEADER | |
|---|---|
| fixed length control field | 00826nam a22002657a 4500 |
| 001 - CONTROL NUMBER | |
| control field | 291 |
| 003 - CONTROL NUMBER IDENTIFIER | |
| rucl marc code | BD-RjUL |
| 005 - DATE AND TIME OF LATEST TRANSACTION | |
| control field | 20211208233142.0 |
| 008 - FIXED-LENGTH DATA ELEMENTS--GENERAL INFORMATION | |
| fixed length control field | 131117s2007 ii a b 001 0 eng d |
| 020 ## - INTERNATIONAL STANDARD BOOK NUMBER | |
| International Standard Book Number | 9788173198502 |
| 035 ## - SYSTEM CONTROL NUMBER | |
| System control number | (BD-RjUL)308 |
| 040 ## - CATALOGING SOURCE | |
| Original cataloging agency | BD-RjUL |
| Language of cataloging | eng |
| Transcribing agency | BD-RjUL |
| Modifying agency | BD-RjUL |
| 041 ## - LANGUAGE CODE | |
| Language code of text/sound track or separate title | eng |
| 082 04 - DEWEY DECIMAL CLASSIFICATION NUMBER | |
| Edition number | 22 |
| Classification number | 572.8636 |
| Author mark and year | DEM 2007 |
| 100 1# - MAIN ENTRY--PERSONAL NAME | |
| Personal name | Deshmukh, Shailaja R. |
| 9 (RLIN) | 939 |
| 245 1# - TITLE STATEMENT | |
| Title | Microarray data : |
| Remainder of title | statistical analysis using R / |
| Statement of responsibility, etc. | Shailaja R. Deshmukh and Sudha G. Purohit. |
| 260 ## - PUBLICATION, DISTRIBUTION, ETC. (IMPRINT) | |
| Place of publication, distribution, etc. | New Delhi : |
| Name of publisher, distributor, etc. | Narosa Publishing House, |
| Date of publication, distribution, etc. | c2007. |
| 300 ## - PHYSICAL DESCRIPTION | |
| Pagination | various pagins : |
| Illustrations | ill; |
| Size | 22 cm. |
| 504 ## - BIBLIOGRAPHY, ETC. NOTE | |
| Bibliography, etc | Includes bibliographical references and index. |
| 526 ## - STUDY PROGRAM INFORMATION NOTE | |
| Requested Dept. | Science |
| 650 ## - SUBJECT ADDED ENTRY--TOPICAL TERM | |
| Topical term or geographic name as entry element | DNA microarrays. |
| 9 (RLIN) | 940 |
| Topical term or geographic name as entry element | Microarray Analysis |
| 9 (RLIN) | 941 |
| 700 1# - ADDED ENTRY--PERSONAL NAME | |
| Personal name | Purohit, Sudha G. |
| 942 ## - ADDED ENTRY ELEMENTS (KOHA) | |
| Source of classification or shelving scheme | Dewey Decimal Classification |
| Koha item type | Books |
| Lost status | Source of classification or shelving scheme | Damaged status | Not for loan | Permanent Location | Current Location | Shelving location | Date acquired | Source of acquisition | Cost, normal purchase price | Total Checkouts | Full call number | Date last seen | Copy number | Koha item type | Collection code |
|---|---|---|---|---|---|---|---|---|---|---|---|---|---|---|---|
| Dewey Decimal Classification | Central Library, University of Rajshahi | Central Library, University of Rajshahi | 24/03/2011 | Paragon Enterprize Ltd. | 360.00 | 572.8636 DEM 2007 | 17/11/2013 | C-3 | Books | ||||||
| Dewey Decimal Classification | Central Library, University of Rajshahi | Central Library, University of Rajshahi | 24/03/2011 | Dhaka,Paragon Enterprise Lit., | 360.00 | 572.8636 DEM 2007 | 02/11/2016 | C-2 | Books | Non-fiction | |||||
| Dewey Decimal Classification | Not For Loan | Central Library, University of Rajshahi | Central Library, University of Rajshahi | Reading Room | 24/03/2011 | Paragon Enterprises Dhaka | 360.00 | 572.8636 DEM 2007 | 14/03/2017 | C-1 | Books | Non-fiction |